000 00945cam a2200277 a 4500
001 3393
005 20250828154526.0
020 _a9780545511995
040 _aDLC
_cDLC
_dDLC
_beng
050 0 0 _aPZ7.H1472
_b2011
082 0 0 _a516.15
100 1 _aHall, Michael
_d1954-
245 1 0 _aPerfect square /
_cMichael Hall
260 _aNew York :
_bScholastic,
_c2011
300 _a39 unnumbered pages :
_bcolor illustrations ;
_c24 cm .
505 _aJ
520 _aA perfect square that is perfectly happy is torn into pieces, punched with holes, crumpled, and otherwise changed but finds in each transformation that it can be something new, and just as happy.
521 _a470
_bLexile
521 _aJ
_bRaz-Plus
650 1 _aSquare
_vFiction
650 1 _aHappiness
_vFiction
650 1 _aContentment
_vFiction
650 1 _aChange
_vFiction
906 _a7
_bcbc
_corignew
_d1
_eecip
_f20
_gy-gencatlg
942 _2ddc
_cBK
_n0
999 _c3393
_d3393